000 00196 a2200109 4500
020 _a9781596461710
041 _aspa
100 _aJudy Zocchi
245 _aEn Canada
942 _cBK
952 _71
999 _c21187
_d21187